000
00319nam a22001337a 4500
008
260428b ||||| |||| 00| 0 eng d
020
_a
9992764139
041
_a
Shqip
080
_8
821.1
_a
821.1
100
_a
40
101
_a
Pedagogji
245
_a
Shqipëria në vlerat e reformës
_c
Osman Allkja
942
_2
udc
_c
BK
999
_c
61016
_d
61016